000 00304nam a22001337a 4500
008 181006b xxu||||| |||| 00| 0 eng d
020 _a18567
041 _aeng
080 _a941
100 _a17
101 _aHIS
245 _aPanzer. A Revolution in Warfare, 1939-1945
_cEdwards, R
942 _2udc
_cBK
999 _c48949
_d48949